Normal view MARC view
  • Chapsal,

Entry Nombre Personal

Number of records used in: 1

001 - NUMERO DE CONTROL

  • campo de control: 52088

003 - IDENTIFICADOR DE NUMERO DE CONTROL

  • campo de control: UPN

005 - FECHA Y HORA DE LA ÜLTIMA TRANSACCIÓN

  • campo de control: 20240529114232.0

008 - DATOS DE LONGITUD FIJA

  • campo de control de longitud fija: 240529|| aca||aabn | a|a d

040 ## - FUENTE DE CATALOGACIÓN

  • Agencia original de catalogación: MX-MxUPN
  • Lenguaje de catalogación: spa

100 1# - ENCABEZAMIENTO - NOMBRE PERSONAL

  • Nombre personal: Chapsal,
  • Títulos u otras palabras asociadas al nombre: M.
  • Fuller form of name: (Charles Pierre),
  • Fechas asociadas con el nombre: 1788-1858

372 ## - CAMPO DE ACTIVIDAD

  • Field of activity: Gramática

374 ## - OCUPACIÓN

  • Occupation: Profesor

400 1# - VEÁSE - NOMBRE DE PERSONA

  • Personal name: Chapsal,
  • Titles and other words associated with a name: M.

670 ## - FUENTE EN LA QUE SE LOCALIZARON DATOS

  • Cita de la fuente: Autoridades LC, 29 mayo 2024 :
  • Información localizada: (Chapsal, M. (Charles Pierre), 1788-1858)
  • Uniform Resource Identifier: https://lccn.loc.gov/n88124836

670 ## - FUENTE EN LA QUE SE LOCALIZARON DATOS

  • Cita de la fuente: Grammaire française, sur un plan très-méthodique, 1880 :
  • Información localizada: portada (M. Chapsal, professeur de grammaire génperale)

902 ## - CATALOGADOR

  • Catalogador: MaríaRobles/290524